El estudio de clases japonés en matemáticas: su importancia para el mejoramiento de los aprendizajes en el escenario global

Bewaard in:
Bibliografische gegevens
Hoofdauteurs: Isoda, Masami (Auteur), Arcavi, Abraham (Auteur)
Andere auteurs: Mena Lorca, Arturo (autor)
Formaat: Boek
Taal:Spaans
Gepubliceerd in: Valparaíso Universitarias de Valparaíso 2007
Onderwerpen:
Tags: Voeg label toe
Geen labels, Wees de eerste die dit record labelt!

MARC

LEADER 00000cam a2200000 a 4500
001 UCI3865
003 CL-VaPUC
005 20230718074438.0
008 071130e20070000CL |||||||||||||||||spa|d
999 |c 327909  |d 327907 
020 |a 9789561704084 
040 |c Pontificia Universidad Católica de Valparaíso 
082 0 4 |a 510.152  |b ISO  |2 21 
100 |a Isoda, Masami  |e author  |9 604748 
245 1 3 |a El estudio de clases japonés en matemáticas: su importancia para el mejoramiento de los aprendizajes en el escenario global 
260 |a Valparaíso  |b Universitarias de Valparaíso  |c 2007 
300 |a 344 p 
583 |a last modification  |c 20191016 10:01:17  |k Rodrigo Vera 
650 0 |a Matemática  |9 260235 
650 |a Capacitación docente  |9 312871 
650 0 |a Matemáticas   |v Problemas, ejercicios, etc  |9 883048 
700 0 |a Arcavi, Abraham  |e author  |9 525392 
700 |a Mena Lorca, Arturo  |e autor  |9 775862 
942 |c BK  |2 ddc 
945 |d 20071130 00:00:00  |a jtorresc 
952 |0 0  |1 0  |4 0  |6 510_152000000000000_ISO_2007  |7 0  |8 X  |9 411456  |a FDOBUD  |b FDOBUD  |d 2019-11-22  |i 4547446  |o 510.152 ISO 2007  |p 4547446  |r 2019-11-22  |w 2019-11-22  |y BK_X  |k FHP 
952 |0 0  |1 0  |3 erb  |4 0  |6 510_152000000000000_ISO_2007  |7 0  |8 A  |9 411459  |a BIBMAT  |b BIBMAT  |c E_DIDACT  |i 5510384  |o 510.152 ISO 2007  |p 5510384  |r 2025-01-07  |w 2019-11-22  |y BK  |z Catalogado en:20181031  |k MAT